000 00535nam a22001937a 4500
003 OSt
005 20210423063248.0
008 210218s1961 ||||| |||| 00| 0 eng d
040 _aeng
_beng
_cDLC
041 _aeng
080 _a821.111
_bA-46
100 _9962
_aAmbler, Eric
245 _aCause for Alarm
_c/ by: Penguin Books
260 _aMitcham, Victoria
_bPenguin Books
_c1961
300 _a248 p.
650 0 _9247
_aEnglish literature
653 _aინგლისური ლიტერატურა
942 _2udc
_cBK
999 _c1536
_d1536